000 00879nam a2200217 a 4500
001 64771
003 BD-RjUL
005 20211209081341.0
008 170220s1954 ii ||||| |||| 00| 0 eng d
035 _a(BD-RjUL)64901
040 _aBD-RjUL
_bben
_cBD-RjUL
_dBD-RjUL
041 _aben
082 _223
_a891.4408
_bRAD 1954
100 1 _aরায়, দীনেন্দ্র কুমার
_9192039
245 0 1 _aদীনেন্দ্র - গ্রন্থাবলী
_cদীনেন্দ্র কুমার রায়
260 _aকলিকাতা :
_bবশুমতী সাহিত্য পরিষদ,
_c১৯৫৪ [১৩৬১].
300 _a৩৪২ পৃ. ;
_c২৪ সেমি.
650 _aবাংলা সাহিত্য
_9170454
_vসংগ্রহ
650 _aBengali Literature
_9188343
_vCollections
942 _2ddc
_cBK
999 _c64771
_d64771